000
003320000a22001570004500
003
MACL
040
_a
MACL
090
_c
3063
_d
3063
100
_a
Behl, Aditya
245
_a
The Penguin New Writing in India
260
_b
Penguin Books
_c
1992
350
_a
125
650
_a
Shortstories
942
_c
BOOK
_k
823
951
_o
823 BOOK
999
_c
3041
_d
3041